Historia de América

Gardado en:
Detalles Bibliográficos
Autor Principal: Barros Arana, Diego Jacinto Agustín (Author)
Formato: Libro
Idioma:Lingua castelá
Publicado: Buenos Aires Futuro S. R. L 1960
Edición:1a. ed
Subjects:
Tags: Engadir etiqueta
Sen Etiquetas, Sexa o primeiro en etiquetar este rexistro!

MARC

LEADER 00000cam a2200000 a 4500
001 UCE2540
003 CL-VaPUC
008 140710e19600000ag |||||||||||||||||spa|d
082 0 4 |a 980  |b BAR  |2 21 
100 0 |a Barros Arana, Diego Jacinto Agustín  |e author  |9 575006 
245 1 0 |a Historia de América 
250 |a 1a. ed 
300 |a 529 p 
942 |c BK 
945 |d 20140710 11:54:00  |a dcastane 
260 |a Buenos Aires  |b Futuro S. R. L  |c 1960 
650 0 |a Historia de América  |9 266076 
583 |a last modification  |c 20190729 02:17:23  |k Rodrigo Vera 
999 |c 356130  |d 356128 
952 |0 0  |1 0  |3 erb  |4 0  |6 980_000000000000000_BAR_1960  |7 0  |8 A  |9 463274  |a BIBHIS  |b BIBHIS  |i 5089069  |l 1  |o 980 BAR 1960  |p 5089069  |r 2025-01-20  |s 2023-08-10  |w 2019-11-23  |y BK  |z Catalogado en:20140710  |k HIS